On This Day: October 10th Quiz Stats

Quiz Updated Oct 10, 2017

Challenge
Share
Tweet
Embed
Score 0/7 Timer 03:00
0 Plays Today
Question Answer Wrong Answers
Vice President of the United States ______ resigns after being charged with evasion of federal income tax.
1973
Spiro Agnew
78.3%
Hubert Humphrey
5.5%
Nelson Rockefeller
8.4%
Walter Mondale
6.8%
This autonomous Caribbean country within the Kingdom of the Netherlands is dissolved.
2010
Netherlands Antilles
69.7%
West Indies Federation
6.8%
Saint Christopher-Nevis-Anguilla
12.5%
Saint-Domingue
9.6%
This American football player, who set the NFL record for most consecutive games started, is born.
1969
Brett Favre
65.9%
Dan Marino
15.2%
John Elway
12.4%
Steve Young
5.8%
A coup d'├ętat by the royalist leadership of the Greek Armed Forces takes place in Athens, effectively ending the Second ______ Republic.
1935
Hellenic
59.5%
Athenian
9.8%
Greek
17.4%
Byzantine
12.9%
This country in Oceania, whose capital city is Port Moresby, joins the United Nations.
1975
Papua New Guinea
57.9%
Fiji
20.2%
Palau
9.1%
Samoa
11.6%
The Wuchang Uprising begins, ultimately leading to the demise of the ______ dynasty, the last Imperial court in China.
1911
Qing
43.3%
Shang
5.7%
Ming
48.7%
Liao
2.2%
From his plantation, La Demajagua, Carlos C├ęspedes proclaims the independence of this nation, starting the Ten Years' War.
1868
Cuba
33.1%
Panama
17.4%
Chile
15.7%
Bolivia
33.8%

Today's Daily Dose

You're not logged in!

Compare scores with friends on all Sporcle quizzes.
Sign Up with Email
OR
Log In

You Might Also Like...

Show Comments

Extras

Top Quizzes Today


Score Distribution

Your Account Isn't Verified!

In order to create a playlist on Sporcle, you need to verify the email address you used during registration. Go to your Sporcle Settings to finish the process.